000 00960cab a2200241 4500
001 ABS49185
008 090401t1993 xxu||||| |||| 00| 0 eng d
035 _a(Sirsi) u70284
041 _aeng
100 _aKane, C.
245 4 _aThe Housing and Urban Development Bill: implications for residential property management
260 _c1993
350 _a0
490 _aProperty Management
_v11(3) Summer 1993, 216-219(4)
520 _aLooks at the new Housing and Urban Development Bill, and discusses its implications for property managers. In particular, it considers the new law relating to the approval of codes of practice and discusses the proposals being put forward by the RICS and ARMA.
650 _aARMA CODE OF PRACTICE
650 _aHOUSING AND URBAN DEVELOPMENT BILL
650 _aProperty management
_96262
650 _aRICS CODE OF PRACTICE
690 _aLANDLORD AND TENANT-LEASEHOLD REFORM
942 _n0
948 _c04/03/1997
999 _c44198
_d44198